| 000 | 00339nam a2200133Ia 4500 | ||
|---|---|---|---|
| 008 | 240624s9999 xx 000 0 und d | ||
| 041 | _aeng | ||
| 082 | _a658.15224 ICF | ||
| 100 | _aICFAI | ||
| 245 | _aCORPORATE FINANCIAL MANAGEMENT III | ||
| 260 |
_c2002 _aHyderabad _bICFAI press |
||
| 300 | _aiv, : 204 : p. : cm. ; 23 | ||
| 365 |
_cRS _b50 |
||
| 999 |
_c6423 _d6423 |
||